000 01709nam a2200229Ia 4500
003 OSt
005 20251213123448.0
008 201222b2017 ||||| |||| 00| 0 eng
040 _c*
100 _aAbinaswar Das
245 0 _aReforms in the Indian Civil Services :
_bA Study of 21st Century Recommendations and Implementation
260 _aBangalore
_bNLSIU
_c2017
300 _a79p
505 _aCONTENTS Abstract; Abbreviations; Illustrations; Tables; Preface; 1. Introduction; The Indian Civil Services; 2. Reforms in the Indian Civil Services; The First Administrative Reforms Commission; The Second Administrative Reforms Commission; 3. Research Objectives; Problem Statement; Research Questions; 4. Literature Review; Weberian Bureaucracy; New Public Management; Civil Service Reforms – Lessons from Abroad; 5. Methodology; Domain and Corpus of Study; Document Analysis; Questionnaire; 6. Analysis; Autonomy; Accountability; Tenure & Training; Miscellaneous; Results; 7. Conclusion; Further Avenues of Research; References/Bibliography; Appendix 1: Codification of Recommendations on Autonomy; Appendix 2: Codification of Recommendations on Accountability; Appendix 3: Codification of Recommendations on Tenure & Training; Appendix 4: Codification of Miscellaneous Recommendations; Appendix 5: Matrix of Responses to Questionnaire;
650 _aCodification of Recommendations
650 _aIndian Civil Services
650 _aRecommendations of Accountability - Analysis
650 _aRecommendations on Autonomy - Analysis
700 _aDr. Mushtaq Ahmad Malla - Guide
856 _uhttps://dans.nls.ac.in/handle/123456789/215
942 _cDIS
_2ddc
999 _c114909
_d114909